000 01133cam a2200253 4500
001 WB3706-29
008 000000n2001 000 0 eng u
035 _a(Sirsi) u110805
245 _aRegeneration transfer to DTI
260 _c2001
490 _aUrban Environment Today
_v2(114) 1 February 2001, 3(1)
520 _aA report by the Institute for Public Policy Research (IPPR) calls for regeneration and regional economic planning to move from the DETR to the DTI, in a bid to streamline DETR activities. Other suggestions in the report include the transfer of the Sustainable Development Unit to the Cabinet Office, although the IPPR recommends leaving land use planning and transport to the DETR. "Remodelling government: future of the DETR" is available from the IPPR. E-mail: [email protected].
590 _aWB
650 _aSUSTAINABLE DEVELOPMENT
650 _aGOVERNMENT DEPARTMENTS
650 _aLAND USE PLANNING
650 _aECONOMIC ISSUES
650 _aREFORM
650 _aINSTITUTE FOR PUBLIC POLICY RESEARCH
650 _aDETR
650 _aDTI
690 _aREGENERATION
942 _n0
999 _c66055
_d66055